000 01331nam0a22002891 4500
001 rc\3012888
005 20250805160813.4
035 _a(NLR Aleph) 007155299
090 _a7193495
_c7193495
100 _a20110924d1941 |||y0rusy50 ca
101 0 _arus
102 _aRU
105 _aa z |||||
200 1 _aОптические методы анализа вещества
_eРечь на заседании Науч.-техн. совета ГОИ 22 дек. 1938 г. по поводу двадцатилетия работы Ин-та
_fС.И. Вавилов
210 _aМосква
_cГос. изд-во оборонной промышленности
_d1941
215 _a9-15 с.
_cтабл.
_d26 см
300 _aБез тит. л. Описано по 1-й с. текста
300 _aНа обл.: "Труды Гос. оптич. ин-та. Ленинград. Т. 15. (Вып. 112-120). Сб. статей к двадцатилетию Ин-та (1918-1938)"
700 1 _aВавилов
_bС. И.
_f1891-1951
_gСергей Иванович
_3RU\NLR\AUTH\7716395
_4070
801 0 _aRU
_bNLR
_gpsbo
801 1 _aRU
_bELAR
_2rusmarc
852 _aNLR
_jХ02 Г-8/238
942 _cBOOK
945 _aРоссийская национальная библиотека
980 _aNB
980 _aBV